CONTEPORARY MARKETING (Record no. 6548)

000 -LEADER
fixed length control field 00318nam a22001217a 4500
008 - FIXED-LENGTH DATA ELEMENTS--GENERAL INFORMATION
fixed length control field 200206b ||||| |||| 00| 0 eng d
020 ## - INTERNATIONAL STANDARD BOOK NUMBER
Terms of availability LVI
082 ## -
Classification number 658.8 BOO
100 ## - MAIN ENTRY--PERSONAL NAME
Personal name BOONE, LOUIS E.
Titles and other words associated with a name KURTZ, DAVID L.
245 ## - TITLE STATEMENT
Title CONTEPORARY MARKETING
250 ## - EDITION STATEMENT
Edition statement 12ED.
260 ## - PUBLICATION, DISTRIBUTION, ETC. (IMPRINT)
Place of publication, distribution, etc. NEW YORK;
Name of publisher, distributor, etc. THOMSON SOUTH-WESTERN,
Date of publication, distribution, etc. 2006.

No items available.

IRDP © 2019 :: Managed by IRDP ICT Unit